Doplnkové služby - dôležitý činiteľ pri výbere dovolenky bakalárska práca

Guardado en:
Detalles Bibliográficos
Autor principal: Hrnčírová, Lucia
Autor Corporativo: Obchodná fakulta EU. Katedra služieb a cestovného ruchu - zrušené
Otros Autores: Vlkovičová, Lenka
Formato: Libro
Lenguaje:eslovaco
Publicado: Bratislava 2009
Etiquetas: Agregar Etiqueta
Sin Etiquetas, Sea el primero en etiquetar este registro!

MARC

LEADER 00000nam$a2200000$$$4500
001 0102601
005 20240318140117.1
041 0 |a slo 
044 |a SK 
245 1 0 |a Doplnkové služby - dôležitý činiteľ pri výbere dovolenky  |b bakalárska práca  |c Lucia Hrnčírová ; škol. Lenka Vlkovičová 
264 1 |a Bratislava  |c 2009 
300 |a 43 s. 
100 1 |a Hrnčírová, Lucia 
700 1 |a Vlkovičová, Lenka 
710 2 |a Obchodná fakulta EU. Katedra služieb a cestovného ruchu - zrušené